Veřejné finance, fiskální nerovnováha a finanční krize

Salvato in:
Dettagli Bibliografici
Autore principale: Dvořák, Pavel
Natura: Libro
Lingua:ceco
Pubblicazione: Praha C. H. Beck 2008
Serie:Beckova edice ekonomie
Soggetti:
Tags: Aggiungi Tag
Nessun Tag, puoi essere il primo ad aggiungerne!!

MARC

LEADER 00000nam$a2200000$$$4500
001 0111313
005 20240226134359.1
020 |a 978-80-7400-075-1 
041 0 |a cze 
044 |a CZ 
245 1 0 |a Veřejné finance, fiskální nerovnováha a finanční krize 
264 1 |a Praha  |b C. H. Beck  |c 2008 
300 |a 343 s. 
490 1 |a Beckova edice ekonomie 
830 0 |a Beckova edice ekonomie 
610 2 0 |a financie verejné 
610 2 0 |a politika fiškálna 
610 2 0 |a kríza finančná 
610 2 0 |a dlhy verejné 
610 2 0 |a deficit rozpočtový 
100 1 |a Dvořák, Pavel